LEADER 02005nam--2200469---450- 001 990001374340203316 005 20090619113623.0 010 $a88-14-10508-1 035 $a000137434 035 $aUSA01000137434 035 $a(ALEPH)000137434USA01 035 $a000137434 100 $a20040128d2003----km-y0enga50------ba 101 0 $aita 102 $aIT 105 $a||||||||001yy 200 1 $aDiritto alla salute e terapie alternative : le scelte dell'amministrazione sanitaria e il controllo dei giudici$eriflessioni in margine al caso Di Bella$fa cura di Eugenio Bruti Liberati 210 $aGiuffrè$cMilano$d2003 215 $a116 p.$d24 cm 225 2 $aMemorie della Facoltà di Giurisprudenza, Università del Piemonte orientale Amedeo Avogadro$fUniversità del Piemonte orientale "Ameseo Avogadro"$hSerie 2.$v9 410 0$aMemorie della Facoltà di Giurisprudenza, Università del Piemonte orientale Amedeo Avogadro$12001$v20$fUniversità del Piemonte orientale "Ameseo Avogadro"$hSerie 2.$c9 454 1$12001 461 1$1001-------$12001 606 0 $aSalute$xTutela giuridica 676 $a344.450 419 700 1$aBRUTI LIBERATI,$bEugenio$0528540 801 0$aIT$bsalbc$gISBD 912 $a990001374340203316 951 $aXXIV.3.Q 225 (IG XVI 419)$b39031 GIU$cXXIV.3.Q 225 (IG XVI)$d00090787 951 $aXXIV.3.Q 225a (IG XVI 419 bis)$b38767 G$cXXIV.3.Q 225a (IG XVI)$d00090271 959 $aBK 969 $aGIU 979 $aMARIA$b10$c20040128$lUSA01$h0857 979 $aPATRY$b90$c20040406$lUSA01$h1737 979 $aSIAVER1$b90$c20040609$lUSA01$h0942 979 $aSIAVER1$b90$c20040609$lUSA01$h0945 979 $aCHIARA$b90$c20081015$lUSA01$h1217 979 $aRSIAV2$b90$c20090619$lUSA01$h1136 979 $aCHIARA$b90$c20110519$lUSA01$h1240 979 $aCHIARA$b90$c20110519$lUSA01$h1240 996 $aDiritto alla salute e terapie alternative : le scelte dell'amministrazione sanitaria e il controllo dei giudici$9931906 997 $aUNISA LEADER 02739nam 2200649Ia 450 001 9910780307903321 005 20230124181438.0 010 $a0-8389-9855-0 035 $a(CKB)111090425045190 035 $a(EBL)218932 035 $a(OCoLC)122350143 035 $a(SSID)ssj0000187002 035 $a(PQKBManifestationID)11182659 035 $a(PQKBTitleCode)TC0000187002 035 $a(PQKBWorkID)10253187 035 $a(PQKB)10255732 035 $a(MiAaPQ)EBC218932 035 $a(Au-PeEL)EBL218932 035 $a(CaPaEBR)ebr10179762 035 $a(EXLCZ)99111090425045190 100 $a20030609d2003 uy 0 101 0 $aeng 135 $aur|n|---||||| 181 $ctxt 182 $cc 183 $acr 200 10$aKeeping current$b[electronic resource] $eadvanced internet strategies to meet librarian and patron needs /$fSteven M. Cohen 210 $aChicago $cAmerican Library Association$d2003 215 $a1 online resource (119 p.) 300 $aDescription based upon print version of record. 311 $a0-8389-0864-0 320 $aIncludes bibliographical references and index. 327 $aContents; Figures; Acknowledgments; Introduction; Chapter 1 - Developments in Currency; Chapter 2 - Search Engines; Chapter 3 - Web Site Monitoring Software; Chapter 4 - Weblogs; Chapter 5 - RSS Feeds; Index; 330 $aKeeping up with the ever-growing Web, along with professional resources and information for customers, can be an overwhelming challenge for busy librarians. What if you could keep current in one hour per day or less? What if you didn't have to surf? What if the information you selected proactively arrived in your inbox? What if you had effective sorting and saving tools to capture your preferred portion of this flood of data? 606 $aCurrent awareness services$xInformation technology 606 $aComputer network resources$xManagement 606 $aWorld Wide Web$xComputer programs 606 $aWeb search engines 606 $aBlogs 606 $aLibrary science$xComputer network resources 606 $aCommunication in library science 615 0$aCurrent awareness services$xInformation technology. 615 0$aComputer network resources$xManagement. 615 0$aWorld Wide Web$xComputer programs. 615 0$aWeb search engines. 615 0$aBlogs. 615 0$aLibrary science$xComputer network resources. 615 0$aCommunication in library science. 676 $a025.5/25/02854678 700 $aCohen$b Steven M.$f1974-$01462535 801 0$bMiAaPQ 801 1$bMiAaPQ 801 2$bMiAaPQ 906 $aBOOK 912 $a9910780307903321 996 $aKeeping current$93671555 997 $aUNINA